00822nas a2200265 4500001001300000003000900013005001700022007000300039008003400042040005400076041000900130072000800139100001600147100002100163100002000184100001500204100001900219100001900238245014200257650001900399650001700418650001400435650001100449773009600460BR2011001917BR-BrBNA20231205114920.0ta230509b bl.|||p| |||| 00| 00por d aBR-BrBNAbporcBiblioteca Nacional de Agricultura a(Pt) aH601 aMagro, T.D.1 aRezende, S.T. de1 aAgostinetto, D.1 aVargas, L.1 aSilva, A.A. da1 aFalkoski, D.L.1 aPropriedades enzimáticas da enzima ALS de Cyperus difformis e mecanismo de resistência da espécie ao herbicida pyrazosulfuron-ethyl aARROZ IRRIGADO aERVA DANINHA aHERBICIDA aENZIMA0 tCiência Rural (Brazil)xISSN 0103-8478 g(Dec 2010), v. 40(12) p. 2439-2445wBR2011001917